书目信息 |
| 题名: |
马恩列斯的故事
|
|
| 作者: | 王茂桐 编写 | |
| 分册: | ||
| 出版信息: | 太原 山西人民出版社 1979.07 |
|
| 页数: | 387页 | |
| 开本: | 20cm | |
| 丛书名: | ||
| 单 册: | ||
| 中图分类: | A7 | |
| 科图分类: | ||
| 主题词: | 马克思--生平事迹 , 恩格斯--传记 , 斯大林--传记 | |
| 电子资源: | ||
| ISBN: | ||
| 000 | 00588nam0 2200217 45 | |
| 001 | 0181023690 | |
| 005 | 20060912081736.15 | |
| 010 | @dCNY1.00 | |
| 091 | @a3088.215 | |
| 100 | @a20810111d km y0chiy0120 ea | |
| 101 | 0 | @achi |
| 200 | 1 | @a马恩列斯的故事@AMA EN LIE SI DE GU SHI@f王茂桐等编写@FWang Mao Tong Deng Bian Xie |
| 210 | @a太原@c山西人民出版社@d1979.07 | |
| 215 | @a387页@d20cm | |
| 606 | 0 | @a马克思@x生平事迹 |
| 606 | 0 | @a恩格斯@x传记 |
| 606 | 0 | @a斯大林@x传记 |
| 690 | @aA7@v3 | |
| 701 | 0 | @a王茂桐@Awang mao tong@4编写 |
| 801 | @aCN@bTSTC@c20060912 | |
| 905 | @dA7@e16 | |
| 马恩列斯的故事/王茂桐等编写.-太原:山西人民出版社,1979.07 |
| 387页;20cm |
| ISBN :CNY1.00 |
| ● |
| 相关链接 |
|
|
|
|
正题名:马恩列斯的故事
索取号:A7/16
 
预约/预借
| 序号 | 登录号 | 条形码 | 馆藏地/架位号 | 状态 | 备注 |
| 1 | 0082316 | 000956246 | 第一借阅区/ [索取号:A7/16] | 在馆 | |
| 2 | 0082318 | 000956282 | 第一借阅区/ [索取号:A7/16] | 在馆 | |
| 3 | 0082319 | 202250802 | 密集书库/ [索取号:A7/16] | 在馆 | |
| 4 | 0082320 | 000956326 | 第一样本阅览室/ [索取号:A7/16] | 在馆 | |
| 5 | 0475241 | 204752419 | 密集书库/ [索取号:A7/16] | 在馆 |